| 000 | nam a22 4500 | ||
|---|---|---|---|
| 999 |
_c30041 _d30041 |
||
| 008 | 190130b xxu||||| |||| 00| 0 eng d | ||
| 022 | _a0035-9203 (Print). | ||
| 022 | _a1878-3503 (Online). | ||
| 050 | _aRC 960 .T73 2018 | ||
| 245 | _aTransactions of the Royal Society of tropical medicine and hygiene/ | ||
| 260 |
_a London : _bRoyal Society of Tropical Medicine and Hygiene Amsterdam, Elsevier, _c2018. |
||
| 300 |
_a367-407p. : _bill. ; _c28 cm. |
||
| 440 |
_a Transactions of the Royal Society of tropical medicine and hygiene _vVol. 112 No. 8. |
||
| 650 | _aTrophical medicine. | ||
| 650 | _aHygiene. | ||
| 942 |
_2lcc _cPERIODICAL _hRC 960 .T73 2018 |
||